| 000 -ლიდერი |
| ფიქსირებული სიგრძის საკონტროლო ველი |
01004nam a2200217Ia 4500 |
| 001 - საკონტროლო ნომერი |
| საკონტროლო ველი |
4470 |
| 003 - საკონტროლო ნომრის იდენტიფიკატორი |
| საკონტროლო ველი |
GE_BSU |
| 005 - ბოლო ოპერაციის თარიღი და დრო |
| საკონტროლო ველი |
20190520150445.0 |
| 008 - ფიქსირებული სიგრძის მონაცემთა ელემენტები - ზოგადი ინფორმაცია |
| ფიქსირებული სიგრძის საკონტროლო ველი |
181216s1977||||ge |||||||||||||| ||geo|| |
| 040 ## - კატალოგიზაციის წყარო |
| Transcribing agency |
GE_BSU |
| 041 ## - ენის კოდი |
| Language code of text/sound track or separate title |
geo |
| 080 ## - უნივერსალური ათობითი კლასიფიკაციის ინდექსი |
| Universal Decimal Classification number |
53(042.4)+535(075) ღ–80 |
| 100 ## - მთავარი ჩანაწერი - პიროვნების სახელი |
| Personal name |
ღონღაძე, დ |
| 9 (RLIN) |
1353 |
| 245 ## - ცნობა სათაურის შესახებ |
| Title |
ზოგადი ფიზიკის კურსი: ოპტიკა და ნივთიერების აღნაგობა.III : ნაწ. |
| Remainder of title |
სახელმძღვ. / |
| Statement of responsibility, etc |
დ.ღონღაძე ; რედ : ა. ბესელია ; |
| 264 ## - წარმოების, გამოცემის, დისტრიბუციის და სხვა ცნობები |
| გამოცემის, წარმოების, დისტრიბუციის... ადგილი |
თბილისი : |
| გამოცემის, წარმოების, დისტრიბუციის... სახელწოდება |
განათლება, |
| გამოცემის, წარმოების, დისტრიბუციის... თარიღი |
1977. |
| 300 ## - ფიზიკური აღწერა |
| Extent |
461 გვ .: |
| Dimensions |
21 სმ. |
| 653 ## - INDEX TERM--UNCONTROLLED |
| Uncontrolled term |
ზოგადი ფიზიკის კურსი:ოპტიკა და ნივთიერების აღნაგობა |
| 653 ## - INDEX TERM--UNCONTROLLED |
| Uncontrolled term |
ფიზიკა |
| 700 ## - ADDED ENTRY--PERSONAL NAME |
| Personal name |
ბესელია, ა |
| Relator term |
რედაქტორი |
| 9 (RLIN) |
1376 |
| 942 ## - ADDED ENTRY ELEMENTS (KOHA) |
| Koha item type |
წიგნი |
| Source of classification or shelving scheme |
|